000 00624nam a2200193 i 4500
001 141371
003 ES-MaACL
005 20230906200300.0
007 t|
008 070921s1972 sp ||||1| spa d
080 _a929 Teresa del Niño Jesús. Santa
100 1 _aVillarroel de Santa Inés, Fernando.
_9115142
245 1 3 _aLa Santa de la esperanza /
_cFernando Villarroel de Santa Inés.
260 _a[Burgos :
_bs.n.,
_c1972] (
_fImp. Monte Carmelo)
300 _a143 p. ;
_c16 cm.
600 0 4 _aTeresa del Niño Jesús,
_cSanta
_9109739
852 _aES-MaACL
_jC-43934
_bR.83415
999 _c141371
_d141371